04181cam a22017054i 4500003000900000005001700009008004100026020001800067035002700085040003300112082002000145100004400165245006100209264006600270300005900336336002100395337002500416338002300441504007000464505074600534526000901280526000901289526001001298526001001308526001001318526001001328526001001338526001001348526001001358526001001368526001001378526001001388526001001398526001001408526001001418526001001428526001001438526001001448526001001458526001001468526001001478526001001488526001001498526001001508526001001518526001001528526001001538526001001548526001001558526001001568526001001578526001001588526001001598526001001608526001001618526001001628526001001638526001001648526001001658526001001668526001001678526001001688526001001698526001001708526001001718526001001728526001001738526000901748526000901757526000901766526000901775526000901784526000901793526000901802526000901811526000901820526000901829526000901838526000901847526000901856526000901865526000901874526000901883526000901892526000901901526000901910526000901919526000901928526000901937526000901946526000901955526000901964526000901973526000901982526000901991526000902000526000902009526000902018526000902027526001002036526000902046526000902055526000902064526000902073526000902082526000902091526000902100526000802109526000802117526000802125526000802133526000802141526000802149526000802157526000802165526000802173526000802181526000802189526000802197526000802205526000802213526000902221526000802230526000802238526000802246526000802254526000802262526000902270526000802279526000802287526000802295526000802303526000802311526000902319526000802328526000802336526000902344526000802353526000802361526000802369526000802377541001602385650004002401650003402441PE-LiUPU20250813165913.0150706s2011    waua    rb    000 0 spa d  a9789275332498  a(Sirsi) i9789275332498  aPE-LiUPUbspacPE-LiUPUerda04a618.76bM192211 aMaldonado-Durán, J. Martín,eautor.10aSalud mental perinatal /cJ. Martín Maldonado-Durán. 1aWashington :bOrganización Panamericana de la Salud,c2011.  axv, 266 páginas :bilustraciones ;c25 centímetros  atext2rdacontent  aunmediated2rdamedia  avolume2rdacarrier  aIncluye referencias bibliografías después de cada capítulo.0 aCambios fisiológicos y emociones durante el embarazo normal y la conducta del feto -- Fenómenos de "programación" in útero: Alto nivel de estrés psicosocial y desnutrición durante el embarazo -- El papel de padre en la etapa perinatal -- Aspectos culturales de la peri natalidad -- El parto y sus vicisitudes -- Aspectos evolutivos de la relación madre- bebe -- La conducta y capacidades perceptuales del recién  nacido normal. Estrategias de evaluación clínica -- Depresión en la etapa perinatal -- Trastornos de ansiedad en la etapa perinatal -- Psicosis en el periodo perinatal.-Dificultades psicosomáticas en la etapa perinatal -- La prevención de los problemas emocionales y conductuales en la etapa perinatal.  aP203  aP200  aSEG65  aSEG64  aSEG63  aSEG62  aSEG61  aSEG60  aSEG59  aSEG58  aSEG57  aSEG56  aSEG55  aSEG54  aSEG53  aSEG52  aSEG51  aSEG50  aSEG49  aSEG48  aSEG47  aSEG46  aSEG24  aSEG23  aSEG22  aSEG21  aSEG20  aSEG19  aSEG18  aSEG17  aSEG16  aSEG14  aSEG13  aSEG12  aSEG11  aSEG10  aSEG09  aSEG06  aSEG05  aSEG04  aSEG03  aSEG02  aSEG68  aSEG66  aSEG45  aSEG25  aSEG01  aP163  aP162  aP161  aP160  aP159  aP158  aP157  aP156  aP155  aP154  aP153  aP152  aP151  aP150  aP149  aP142  aP141  aP140  aP139  aP138  aP137  aP132  aP131  aP130  aP126  aP125  aP124  aP123  aP115  aP122  aP121  aP116  a P114  aP112  aP111  aP104  aP103  aP102  aP101  aP100  aP96  aP95  aP93  aP92  aP91  aP88  aP83  aP82  aP79  aP78  aP75  aP74  aP71  aP69  a P51  aP49  aP48  aP47  aP33  aP31  a P30  aP29  aP27  aP26  aP25  aP24  a P22  aP10  aP09  a P08  aP06  aP05  aP04  aP01  g001-000071;04aDepresión pospartoxEnfermería.04aNiñosxTrastornos Mentales.